000 00946cam a2200313 a 4500
999 _c20290
_d20290
001 3365023
003 BDDh-ASL
005 20231015025852.0
008 860523s1985 bg b f001 0 eng
010 _a 86900986
020 _cTk35.00 ($2.50 U.S.)
025 _aB E 4353
040 _aDLC
_cDLC
_dDLC
_dBDDh-ASL
043 _aa-ii---
050 0 0 _aBP188.8.I4
_bH36 1985
082 0 0 _a297.65
_219
_bMUS
100 1 _aHaq, Muhammad Muzammil,
_d1929-
245 1 0 _aSome aspects of the principal Sufi orders in India /
_cMuhammad Muzammil Haq.
250 _a1st ed.
260 _aDhaka :
_bIslamic Foundation Bangladesh,
_c1985.
300 _a225 p. ;
_c22 cm.
490 1 _aI.F. publications ;
_v1232
500 _aIncludes indexes.
504 _aBibliography: p. [183]-[191]
650 0 _aSufism
_zIndia
_xHistory.
830 0 _aI.F. publication ;
_v1232.
906 _a7
_bcbc
_corignew
_d3
_encip
_f19
_gy-gencatlg
942 _2ddc
_cBK